Challenging Newt Gingrich Chapter by Chapter : (Record no. 22144)
[ view plain ]
| 000 -LEADER | |
|---|---|
| fixed length control field | 00940nam a22002897a 4500 |
| 003 - CONTROL NUMBER IDENTIFIER | |
| control field | IBSLLIB |
| 005 - DATE AND TIME OF LATEST TRANSACTION | |
| control field | 20260515071010.0 |
| 008 - FIXED-LENGTH DATA ELEMENTS--GENERAL INFORMATION | |
| fixed length control field | 260515b |||||||| |||| 00| 0 eng d |
| 020 ## - INTERNATIONAL STANDARD BOOK NUMBER | |
| International Standard Book Number | 0931803055 |
| 040 ## - CATALOGING SOURCE | |
| Original cataloging agency | IBSLLIB |
| Language of cataloging | English |
| 041 ## - LANGUAGE CODE | |
| Language code of original | Eng |
| 082 ## - DEWEY DECIMAL CLASSIFICATION NUMBER | |
| Classification number | 973.9 |
| Item number | AND |
| 100 ## - MAIN ENTRY--PERSONAL NAME | |
| Personal name | Andersen , Alfred F. |
| 245 ## - TITLE STATEMENT | |
| Title | Challenging Newt Gingrich Chapter by Chapter : |
| Remainder of title | An In-Depth Analysis Of America's Options at its Economics, Political, and Military Crossroads |
| 260 ## - PUBLICATION, DISTRIBUTION, ETC. (IMPRINT) | |
| Place of publication, distribution, etc. | Oregon : |
| Name of publisher, distributor, etc. | Tom Paine Institute , |
| Date of publication, distribution, etc. | 1919 |
| 300 ## - PHYSICAL DESCRIPTION | |
| Extent | 238 p ; |
| Dimensions | 24 cm |
| 505 ## - FORMATTED CONTENTS NOTE | |
| Formatted contents note | How Gingrich would renew america |
| 505 ## - FORMATTED CONTENTS NOTE | |
| Formatted contents note | Contract with America |
| 505 ## - FORMATTED CONTENTS NOTE | |
| Formatted contents note | How to Assure justice for All |
| 650 ## - SUBJECT ADDED ENTRY--TOPICAL TERM | |
| Topical term or geographic name as entry element | History geography auxiliary discipline |
| 650 ## - SUBJECT ADDED ENTRY--TOPICAL TERM | |
| Topical term or geographic name as entry element | History of North America |
| 653 ## - INDEX TERM--UNCONTROLLED | |
| Uncontrolled term | Politics and Government |
| 653 ## - INDEX TERM--UNCONTROLLED | |
| Uncontrolled term | Economic |
| 653 ## - INDEX TERM--UNCONTROLLED | |
| Uncontrolled term | Social Policy |
| 653 ## - INDEX TERM--UNCONTROLLED | |
| Uncontrolled term | Constitutional history |
| 942 ## - ADDED ENTRY ELEMENTS (KOHA) | |
| Koha item type | Lending Book |
| Withdrawn status | Lost status | Damaged status | Not for loan | Collection code | Permanent Location | Current Location | Shelving location | Date acquired | Source of acquisition | Inventory number | Full call number | Barcode | Koha item type |
|---|---|---|---|---|---|---|---|---|---|---|---|---|---|
| Lending Collection | IBSL Library | IBSL Library | Lending Section | 30/04/2026 | Donation | 10848 | 973.9 AND | 10848 | Lending Book |
